DECIDE TO LEAD 9 DECISIONS THAT CAN MAKE (Record no. 14049)
[ view plain ]
| 000 -LEADER | |
|---|---|
| fixed length control field | 00296nam a2200109Ia 4500 |
| 008 - FIXED-LENGTH DATA ELEMENTS--GENERAL INFORMATION | |
| fixed length control field | 240624s9999 xx 000 0 und d |
| 041 ## - LANGUAGE CODE | |
| Language code of text/sound track or separate title | eng |
| 082 ## - DEWEY DECIMAL CLASSIFICATION NUMBER | |
| Classification number | 658.4092 VAR |
| 100 ## - MAIN ENTRY--PERSONAL NAME | |
| Personal name | VARGHESE SANGEETH |
| 245 ## - TITLE STATEMENT | |
| Title | DECIDE TO LEAD 9 DECISIONS THAT CAN MAKE |
| 260 ## - PUBLICATION, DISTRIBUTION, ETC. | |
| Place of publication, distribution, etc. | Exch.true leader |
| Name of publisher, distributor, etc. | Businessworld |
| Withdrawn status | Lost status | Damaged status | Not for loan | Home library | Current library | Shelving location | Date acquired | Total Checkouts | Full call number | Barcode | Date due | Date last seen | Date last checked out | Price effective from | Koha item type |
|---|---|---|---|---|---|---|---|---|---|---|---|---|---|---|---|
| IMTN | IMTN | Rack 29-B | 11/16/2009 | 3 | 658.4092 VAR | 14049 | 01/20/2026 | 01/10/2026 | 01/10/2026 | 06/24/2024 | Books |